| 000 | 00893nam a22002657a 4500 | ||
|---|---|---|---|
| 005 | 20170123162347.0 | ||
| 010 | _a247343 | ||
| 020 | _c9.00 | ||
| 035 | _a247343 | ||
| 037 | _bCen Lib/Ret | ||
| 040 |
_aDPL _bUR |
||
| 082 |
_a841 _2ا ق ب |
||
| 100 |
_aیوسف سلیم چشتی _9133913 |
||
| 245 |
_aزبور عجم : _cیوسف سلیم چشتی _bاقبال / |
||
| 246 |
_aZaboor-e ajam: Iqbaal / _bby Yusuf Saleem Chashmi |
||
| 260 |
_aنی دہلی _bآئتقات پبلشنگ ہاؤس _c1982 |
||
| 270 |
_aگلی کوتیا سویولان _bنی دہلی |
||
| 300 |
_a751p. _c21cm(Hb) |
||
| 650 |
_aاردو ادب _9133914 |
||
| 650 |
_aاردو شا عاری - اقبال _9133915 |
||
| 650 |
_aUrdu literature _9133916 |
||
| 650 |
_v _aUrdu -- Poetry -- Iqbaal _9120266 |
||
| 700 |
_a _9133917 |
||
| 942 |
_2ddc _cUR _h841 _mا ق ب |
||
| 999 |
_c108965 _d108965 |
||